Sports Quiz

Random Sports or Baseball Quiz

Chicago White Sox 25+ HRs Single Season Quiz Stats

 Plays Quiz Updated Oct 1, 2019

Score 0/91 Timer 10:00
6 Plays Today
HRs Player % Correct
43Frank Thomas
97.5%
41Frank Thomas
97.5%
42Frank Thomas
97.5%
32Frank Thomas
97.5%
38Frank Thomas
97.5%
40Frank Thomas
97.5%
40Frank Thomas
97.5%
35Frank Thomas
97.5%
29Frank Thomas
97.5%
28Frank Thomas
97.5%
32Paul Konerko
90%
27Paul Konerko
90%
41Paul Konerko
90%
40Paul Konerko
90%
35Paul Konerko
90%
31Paul Konerko
90%
28Paul Konerko
90%
39Paul Konerko
90%
31Paul Konerko
90%
26Paul Konerko
90%
33José Abreu
81.8%
36José Abreu
78.5%
30José Abreu
78.5%
25José Abreu
78.5%
33José Abreu
78.5%
42Jim Thome
75%
35Jim Thome
75%
34Jim Thome
75%
25George Bell
74.1%
31Jermaine Dye
74%
44Jermaine Dye
74%
HRs Player % Correct
28Jermaine Dye
74%
34Jermaine Dye
74%
27Jermaine Dye
74%
32José Abreu
73.5%
30Albert Belle
71.5%
49Albert Belle
71.5%
26Carlton Fisk
68.9%
37Carlton Fisk
68.9%
30Magglio Ordóñez
65%
32Magglio Ordóñez
65%
31Magglio Ordóñez
65%
38Magglio Ordóñez
65%
29Magglio Ordóñez
65%
41Adam Dunn
61.9%
34Adam Dunn
61.9%
25Harold Baines
59%
29Harold Baines
59%
26Robin Ventura
57.4%
34Robin Ventura
57.4%
37Dick Allen
51.4%
32Dick Allen
51.4%
35Ron Kittle
50.5%
32Ron Kittle
50.5%
26Ron Kittle
50.5%
26Carlos Lee
46.8%
31Carlos Lee
46.8%
31Carlos Lee
46.8%
30Joe Crede
45.6%
25Yoán Moncada
43.3%
40Todd Frazier
41.3%
31Eloy Jiménez
40.3%
HRs Player % Correct
27A.J. Pierzynski
39.6%
36Carlos Quentin
37.9%
26Carlos Quentin
37.9%
28Al Smith
37.6%
32Greg Luzinski
37.2%
33Bill Melton
34.7%
33Bill Melton
34.7%
25José Valentín
32.2%
28José Valentín
32.2%
25José Valentín
32.2%
28José Valentín
32.2%
30José Valentín
32.2%
27Greg Walker
25%
30Richie Zisk
24.5%
26Eloy Jiménez
23.5%
31Oscar Gamble
21.3%
25Alex Rios
20.3%
26Matt Davidson
20.1%
28Ivan Calderon
19.1%
29Eddie Robinson
17%
27Daniel Palka
16.4%
27Danny Tartabull
14.6%
25Dayán Viciedo
13.9%
25Eric Soderholm
13.8%
28Roy Sievers
13%
27Roy Sievers
13%
27Zeke Bonura
11.6%
29Gus Zernial
11.4%
27Joe Kuhel
6.4%

You're not logged in!

Compare scores with friends on all Sporcle quizzes.
OR
Log In

Sporcle TV

Today on Sporcle TV


Watch our educational content, quiz creation guides, and fun videos on Sporcle TV.

Show Comments

Extras

Top Quizzes Today


Score Distribution

Your Account Isn't Verified!

In order to create a playlist on Sporcle, you need to verify the email address you used during registration. Go to your Sporcle Settings to finish the process.

Report this User

Report this user for behavior that violates our Community Guidelines.

Details: